BIBLIOTHÈQUE DE LA MAISON DU MEXIQUE

Logo 1 Logo 2

Un drama en México (notice nᵒ 3473)

détails MARC
000 -Sello discográfico
campo de control de longitud fija 00828nam a2200277 4500
005 - Identificación de versión
campo de control 20251017062847.0
035 ## - Otros números de control del sistema
Número de control del sistema 13351
099 ## - fechas locales
Tipo de ítem Koha LIBRO
100 ## - Datos de procesamiento general
Datos de procesamiento general 19980514d1986 m y1spay5003 ba
105 ## - Campo de datos codificados: Material textual, monográfico
Datos codificados de monografía a 001ay
200 1# - Título y mención de responsabilidad
Título propio Un drama en México
Designación general del material texto impreso
Otra información del título los primeros navíos mexicanos
Primer mención de responsabilidad Julio Verne
Declaración de responsabilidad subsiguiente prólogo Carlos Monsiváis
210 ## - Publicación, distribución, etc.
Lugar de publicación, distribución, etc. México
Nombre del editor, distribuidor, etc. Editorial Hexágono
Fecha de publicación, distribución, etc. 1986
215 ## - Descripción física
Designación de material específico y extensión del ítem 79 p
Otras características físicas il.
Dimensiones 17 cm
345 ## - Nota de información de adquisición
Fuente de adquisición/dirección de la suscripción [OBSOLETO] Donación
606 ## - Término temático usado como materia
Elemento de entrada Novela francesa
Subdivisión cronológica Siglo XIX
Número Koha 7108
660 ## - Código de área geográfica
Código MX
700 ## - Nombre personal - Responsabilidad primaria
Elemento de entrada Verne
Parte del nombre distinta del elemento de entrada Jules
Fechas 1828-1905
Número Koha 7109
702 ## - Nombre personal - Responsabilidad secundaria
Elemento de entrada Monsiváis Aceves
Parte del nombre distinta del elemento de entrada Carlos
Fechas 1938-2010
Número Koha 801
801 #0 - Fuente de origen
Agencia cm
900 ## -
-- 1/17244
900 ## -
-- 710988848\\140598
942 ## - ELEMENTOS DE ENTRADA SECUNDARIOS (KOHA)
Tipo de ítem Koha Livre
996 ## -
-- MEX
-- 751145101
-- MMAG
-- 011550
-- 843.8 V531D
-- 20241106LIV
Exemplaires
Estatus retirado Estado de daño Estado de pérdida Fecha de adquisición Biblioteca de origen Biblioteca actual Ubicación en estantería Código de barras Precio de reemplazo Signatura topográfica completa No para préstamo Tipo de ítem Koha Nota pública Nota no pública
      05/08/2025 Casa México Paris Casa México Paris   011550 05/08/2025 843.8 V531D   Livre 20241106LIV 751145101